000 00613nam a2200205 i 4500
001 72125
003 ES-MaACL
005 20230906171329.0
007 t|
008 040826s1949 sp af |||| |bspa d
080 _a929Gilbert, Aage
080 _a39(988)
100 1 _aGilberg, Aage.
_956910
245 1 0 _aMédico de esquimales /
_cAage Gilberg ; traducción directa del danés por Francisco Vives.
260 _aBarcelona :
_bIberia,
_c[1949] (
_fAgustín Núñez)
300 _a156 p., 16 lám. ;
_c21 cm.
650 4 _aInuit.
_9146693
700 1 _aVives, Francisco.
_9115568
852 _aES-MaACL
_jD-5615
999 _c72125
_d72125